| 000 | 00389nam a2200157Ia 4500 | ||
|---|---|---|---|
| 008 | 151213s9999 xx 000 0 und d | ||
| 020 | _a984-809017-7 | ||
| 100 | _aII | ||
| 245 |
_aAn Insight Into Depreciation Accounting _cII |
||
| 260 |
_aDhaka _bUniversity Grant Commission _c2004 |
||
| 300 | _a4643 p. | ||
| 650 | _aAccounting | ||
| 650 | _aAccounting | ||
| 700 | _aII | ||
| 999 |
_c2990 _d2990 |
||